00821 2200265 4500001002100000005001500021035002000036007000300056008004100059020002200100082001100122084001700133100002400150245011000174250001000284260010400294300003500398650002100433700001700454700001400471700001400485700001800499504002700517990001100544INLIS00000000001412020220804100337 a0010-0822000159ta220804 g 0 ind  a978-602-8766-75-3 a297.54 a297.54 CHO k0 aCHOIRUL, Fuad Yusuf1 aKajian Teks Kontemporer dan Klasik /cChoirul Fuad Yusuf, Apria Putra, Nurrahmah, Fakhriati, Abdan Syukri acet.1 aJakarta :bPuslitbang Lektur Khazanah Keagamaan Badan Litbang dan Diklat Kementrian Agama RI,c2013 av, 381 hal. :bilus. ;c21 cm. 4aTASAWUF FILSAFAT0 aAPRIA, Putra0 aNURRAHMAN0 aFAKHRIATI0 aABDAN, Syukri aBibliografi : hal. 381 a4724 a